'B' Sorting Gallery Quiz Stats

 Plays Quiz Updated Apr 26, 2018

Challenge
Share
Tweet
Embed
Score 0/55 Timer 04:00
619 Plays Today
% Correct
Bangladesh
96.5%
Bulgaria
96.1%
Bahamas
95.9%
Botswana
94.4%
Bolivia
94.1%
Badminton
90.6%
Beryllium
90.4%
Barium
90.3%
Basketball
90.3%
Boxing
89.7%
Belarus
89.6%
Bahrain
89.6%
Broncos
88.6%
Bromine
88.4%
Bears
87.5%
Browns
87.3%
Buccaneers
87%
Berkelium
86.9%
Bobsleigh
86.9%
Bohrium
86.7%
Bengals
86.6%
Beethoven
86.1%
Bach
85.4%
Biathlon
85.1%
Bhutan
85.1%
Bucharest
84.5%
Boron
84%
Bogotá
83.4%
% Correct
Burundi
82.1%
Bills
81.8%
Blackpool
81.6%
Birmingham
81.1%
Bournemouth
77.7%
Blackburn
77.4%
Braveheart
76.8%
Brighton & Hove Albion
75.1%
Bern
74.7%
Brahms
74.5%
Bing
74.4%
Blair
72.5%
Barnsley
72.2%
Buffay
71.6%
Benin
69.2%
Bradford
68.6%
Baku
68.6%
Bismuth
68.4%
Burnley
68.1%
Baldwin
68%
Brown
66.8%
Bishkek
66.1%
Bangui
65.3%
Bujumbura
65.2%
Bolton
57.6%
Balfour
51.1%
Basseterre
49.7%

You're not logged in!

Compare scores with friends on all Sporcle quizzes.
OR
Log In

You Might Also Like...

Show Comments

Extras

Top Quizzes Today


Score Distribution

Your Account Isn't Verified!

In order to create a playlist on Sporcle, you need to verify the email address you used during registration. Go to your Sporcle Settings to finish the process.

Report this User

Report this user for behavior that violates our Community Guidelines.

Details: